Rambling roses and flying bricks /

Bibliographic Details
Main Author: Tucker, Earl, 1904-
Format: Book
Language:English
Published: Huntsville, Ala. : The Strode Publishers, [1958]

MARC

Tag First Indicator Second Indicator Subfields
LEADER 00000cam a2200000 i 4500
001 in00000025508
005 20151007062450.0
008 780627s1958 alua 00000 eng d
035 |a (OCoLC)04010533 
035 |9 AAD4966AM 
040 |a ASL  |c ASL  |d TXA  |d UtOrBLW 
049 |a TXAM  |c [301437] 
050 0 |a PN6162.T8  |b R36 
092 |a 818  |b T891r 
100 1 |a Tucker, Earl,  |d 1904- 
245 1 0 |a Rambling roses and flying bricks /  |c Illustrated by M. DuBose Howell and Jesse Silvey. 
264 1 |a Huntsville, Ala. :  |b The Strode Publishers,  |c [1958] 
264 4 |c [©1958] 
300 |a 139 pages :  |b illustrations 
336 |a text  |b txt  |2 rdacontent 
337 |a unmediated  |b n  |2 rdamedia 
338 |a volume  |b nc  |2 rdacarrier 
999 |a MARS 
999 f f |s 44338d13-068c-31fb-b845-95a75a62c780  |i 30ed77e6-8b32-3a9e-bea6-d288a4ef7074  |t 0 
952 f f |p ric  |a Texas A&M University  |b Rellis Campus  |c Joint Library Facility  |d Remote Storage  |t 0  |e PN6162.T8 R36  |h Library of Congress classification  |i unmediated -- volume  |m A14801265812 
998 f f |a PN6162.T8 R36  |t 0  |l Remote Storage